000 00607cam a22002411 4500
001 sa 65001981
003 DLC
005 20260227112113.0
008 891101s1964 ii a 000 0 beno
010 _asa 65001981
035 _a(OCoLC)20582617
040 _aDLC
_cWaU
_dDLC
042 _apremarc
043 _aa-ii---
050 0 0 _aPK2907.W6
_bA8
100 0 _aAnnapūrṇā Debī.
245 1 0 _aBaraṇīẏā nārī.
260 _c[1964]
300 _a127 p.
_billus.
_c23 cm.
500 _aIn Bengali.
650 0 _aWomen in literature.
650 0 _aIndic literature
_xHistory and criticism.
999 _c62353
_d62353